000 00614nam a2200205Ia 4500
003 GCL
008 140319s9999 xx 000 0 ara d
040 _aGCL /
_cGCL
082 0 4 _a813.01
_bم ب
100 1 _aمحمد محمود عبدالرازق
245 1 0 _aبنات الحور /
_cمحمد محمود عبدالرازق
260 _a[S.N] :
_bالهيئة المصرية العامة للكتاب ،
_c1994
300 _a138 ص
490 _a
650 0 4 _aالادب العربى
650 0 4 _aالقصص القصيرة
650 0 4 _aالقصص
650 0 4 _aالمجموعات
942 _2ddc
_cBK
999 _c33349
_d33349